000 00476nam a2200133Ia 4500
005 20260209120145.0
008 260209s9999||||xx |||||||||||||| ||und||
100 _aNehal Ahmad
245 3 _aAn analysis of the doctrine of secondary liability under copyright law
260 _aBangaloreBangalore
_bNLSIU, Bangalore
_c2021
300 _a47 p. ; 25 cm.
700 _aDr. Yashomati Ghosh - GuideDr. Yashomati Ghosh - Guide
856 _uhttps://dans.nls.ac.in/handle/123456789/876
999 _c217508
_d217508